1067 1649 1886 1724 1855 1108 1587 1163 1195 1177 1677 1346 1245 1457 1150 1476 1831 1847 1823 1289 1597 1615 1581 1556 1217 1222 1871 1792 1659 1544 1972 1027 1145 1518 1446 1646 1206 1226 1038 1563 1516 1150 1353 1502 1190 1822 1066 1964 1724 1180 1290 1212 1086 1282 1220 1380 1630 1122 1472 1996 1671 1824 1666 1949 1269 1560 1956 1054 1209 1166 1181 1166 1076 1795 1914 1210 1607 1321 1822 1663 1399 1650 1995 1396 1040 1634 1108 1033 1088 1733 1618 1586 1978 1497 1176 1890 1383 1930 1242 BCNSPRNW ULIB Ver.6.0+V

เปลี่ยนเป็นภาษาไทย

Change to English
 แสดงรายละเอียดบรรณานุกรม
  กลับหน้าหลัก

Brief Record : Get Marc (ISO 2709) : E-mail record : QR code < ปิดหน้าต่าง
LEADER : 00000nam 2200000uu 4500
001    13399122592
003     ULIB
008    020711s2545 th a 000 0 tha d
020    9741401248
090    นว.^bม111จ
100    แมรี่ นอร์ตั้น ;^eเขียน
245    จิ๋วชาวทุ่ง /^cแมรี่ นอร์ตั้น ; เขียน,สุทธิ โสภา ; แปล
260    กรุงเทพฯ :^bผีเสื้อ,^c2545
300    286 หน้า
700    สุทธิ โสภา ;^eแปล
945    ^p184^l0^i20038
999    ^aทศพร เกษรทอง
รายการนี้ยังไม่มีแท็ก
คุณยังไม่ได้ล็อกอิน คุณสามารถมีกิจกรรมร่วมกับเว็บไซต์ได้ แต่ต้องล็อกอินก่อน ::
  ล็อกอิน

รายการสื่อสารสนเทศ

ลำดับที่ ประเภท เลขเรียก/บาร์โค้ด สถานที่ สถานะ
1. นวนิยาย
นวนิยาย
นว. ม111จ ฉ.1 
  Barcode: 20038
ห้องสมุดวิทยาเขตสวรรค์ประชารักษ์
►นวนิยาย
บนชั้น
  ขอยืม

BibComment


ยังไม่เคยถูกคอมเมนท์

คอมเมนท์ทรัพยากรรายการนี้
  คอมเมนท์: จิ๋วชาวทุ่ง แมรี..


 Copyright 2026. Bcnsprnw @Library